Positive pollutions and cultural toxins : waste and contamination in contemporary U.S. ethnic literatures /

Bibliographic Details
Main Author: Gamber, John Blair
Format: eBook
Language:English
Published: Lincoln : University of Nebraska Press, 2012.
Series:Postwestern Horizons series
Subjects:
Online Access:Connect to the full text of this electronic book

MARC

Tag First Indicator Second Indicator Subfields
LEADER 00000cam a22000004a 4500
001 in00003402425
005 20190405202544.0
006 m d
007 cr |||||||nn|n
008 120314s2012 nbu o d eng d
010 |z  2012009223 
020 |a 9780803244887 
020 |a 0803244886 
020 |z 9780803230460 (cloth : alk. paper) 
035 |a (MdBmJHUP)muse9780803244887 
040 |a MdBmJHUP  |c MdBmJHUP  |d UtOrBLW 
050 0 0 |a PS374.P625  |b G36 2012 
082 0 0 |a 810.9/3556  |2 23 
100 1 |a Gamber, John Blair. 
245 1 0 |a Positive pollutions and cultural toxins :  |b waste and contamination in contemporary U.S. ethnic literatures /  |c John Blair Gamber. 
264 1 |a Lincoln :  |b University of Nebraska Press,  |c 2012. 
300 |a 1 online resource (248 pages) 
336 |a text  |b txt  |2 rdacontent 
337 |a computer  |b c  |2 rdamedia 
338 |a online resource  |b cr  |2 rdacarrier 
490 0 |a Postwestern Horizons series 
504 |a Includes bibliographical references. 
505 0 |a "Failing economies and tortured ecologies": Octavia Butler's Parable of the sower and Parable of the talents -- Toxic metropolis: Alejandro Morales's The rag doll plagues -- Ridding the world of waste: Louise Erdich's The antelope wife -- "An eerie liquid elasticity": Karen Tei Yamashita's Tropic of orange -- "Outcasts and dreamers in the cities": Gerald Vizenor's Dead voices -- Epilogue. 
588 |a Description based on print version record. 
500 |a Electronic resource. 
650 0 |a Pollution in literature. 
650 0 |a American fiction  |x Minority authors  |x History and criticism. 
650 0 |a American fiction  |y 21st century  |x History and criticism. 
655 7 |a Electronic books.  |2 local 
856 4 0 |u http://proxy.library.tamu.edu/login?url=http://muse.jhu.edu/books/9780803244887/  |z Connect to the full text of this electronic book  |t 0 
999 |a MARS 
999 f f |s d851a8c2-7be5-3bf0-8402-16d06e5686cf  |i eae796e5-26f1-3377-95e6-09edee848c15  |t 0 
952 f f |a Texas A&M University  |b College Station  |c Electronic Resources  |d Available Online  |t 0  |e PS374.P625 G36 2012  |h Library of Congress classification 
998 f f |a PS374.P625 G36 2012  |t 0  |l Available Online